Missing Word: Movie Words Ending in 'K' Quiz Stats

Quiz Updated Jun 19, 2016

Challenge
Share
Tweet
Embed
Score 0/30 Timer 04:00
0 Plays Today
Hint Missing Word % Correct
Jurassic _____Park
99%
_____ to the FutureBack
98.5%
Raiders of the Lost _____Ark
97.9%
_____ SwanBlack
97.8%
_____ Who's TalkingLook
97.6%
Pretty in _____Pink
97.1%
From _____ Till DawnDusk
96.3%
_____ You for SmokingThank
96%
Black _____ DownHawk
95.5%
_____ the LineWalk
93%
A _____ OrangeClockwork
92.9%
We Need to _____ About KevinTalk
90.7%
_____ MountainBrokeback
90.6%
Good Night, and Good _____.Luck
90.1%
The _____ RedemptionShawshank
89.7%
Hint Missing Word % Correct
Zero _____ ThirtyDark
89.3%
The Social _____Network
89.1%
Grosse Pointe _____Blank
88.4%
Uncle _____Buck
86.8%
The _____ of EliBook
84.3%
The _____ of ZorroMask
82.8%
_____ SoupDuck
82.5%
Zorba the _____Greek
78.4%
I Now Pronounce You _____ and LarryChuck
78.4%
Point _____Break
74.4%
The _____ and the DeadQuick
64.7%
New _____ CityJack
60.8%
_____ Forever AfterShrek
58.5%
Detroit _____ CityRock
54.2%
Blood _____Work
34.2%

Today's Daily Dose

Missing Word
For Dummies Books

Word Ladder
Ariana Grande

Quick Pick
1970s Authors

On This Day
June 21st II

You're not logged in!

Compare scores with friends on all Sporcle quizzes.
Join for Free
OR
Log In

You Might Also Like...

Show Comments

Extras

Top Quizzes Today


Score Distribution

Your Account Isn't Verified!

In order to create a playlist on Sporcle, you need to verify the email address you used during registration. Go to your Sporcle Settings to finish the process.

Report this User

Report this user for behavior that violates our Community Guidelines.

Details: